<?xml version="1.0" encoding="UTF-8"?>
<marc:record xmlns:marc="http://www.loc.gov/MARC21/slim">
   <marc:leader>00000nam a2200000 a 4500</marc:leader>
   <marc:datafield ind1="1" ind2=" " tag="100">
      <marc:subfield code="a">Napp, Daniel</marc:subfield>
      <marc:subfield code="4">aut</marc:subfield>
      <marc:subfield code="e">Verfasser/-in</marc:subfield>
   </marc:datafield>
   <marc:datafield ind1=" " ind2=" " tag="653">
      <marc:subfield code="a">Antolin</marc:subfield>
   </marc:datafield>
   <marc:datafield ind1=" " ind2=" " tag="653">
      <marc:subfield code="a">Klasse-2</marc:subfield>
   </marc:datafield>
   <marc:datafield ind1="0" ind2="0" tag="245">
      <marc:subfield code="a">Dr. Brumm: Dr. Brumm macht Kung-Fu</marc:subfield>
   </marc:datafield>
   <marc:datafield ind1="0" ind2="0" tag="245">
      <marc:subfield code="b">Das Vorlesebuch zu den Sandmännchen-Filmen</marc:subfield>
   </marc:datafield>
   <marc:datafield ind1=" " ind2="1" tag="264">
      <marc:subfield code="b">Thienemann in der Thienemann-Esslinger Verlag GmbH</marc:subfield>
      <marc:subfield code="c">2025</marc:subfield>
   </marc:datafield>
   <marc:datafield ind1="1" ind2=" " tag="490">
      <marc:subfield code="a">Dr. Brumm</marc:subfield>
   </marc:datafield>
   <marc:datafield ind1="1" ind2=" " tag="520">
      <marc:subfield code="a">Für Fans der Sandmännchen-Folgen mit Dr. Brumm

Bei Dr. Brumm ist immer was los! Ob er seinen Goldfisch Pottwal mit einem Algenkuchen überrascht, eine Katze aus dem Baum rettet oder als Detektiv ermittelt - turbulente Missgeschicke sind vorprogrammiert. Doch Dr. Brumm lässt sich davon nicht beirren, und zum Glück helfen ihm seine Freunde, wo sie nur können ...

20 lustige Dr.-Brumm-Geschichten aus Unser Sandmännchen - perfekt zum Vorlesen für Kinder ab 4 Jahren!</marc:subfield>
   </marc:datafield>
   <marc:datafield ind1=" " ind2=" " tag="020">
      <marc:subfield code="a">9783522188579</marc:subfield>
      <marc:subfield code="9">9783522188579</marc:subfield>
   </marc:datafield>
</marc:record>
